00409nam a2200133Ia 4500008004100000020001500041100002800056245003500084250000800119260003500127300000700162952009100169999001500260211105s9999 xx 000 0 und d aVYASA15517 aAkhandananda Saraswathi 0aVarnashram Dharma Mahtva Purna a1st bSatsahitya prakashan trustc\N a64 00104070aSVYASAbSVYASAd2010-06-22l0p14172r2021-11-09 00:00:00w2021-11-09yBKS c9891d9891